| 000 | 02425cam a2200685 a 4500 | ||
|---|---|---|---|
| 001 | 21503 | ||
| 003 | VRT | ||
| 005 | 20260302160637.0 | ||
| 008 | 240318s2015 xo a b 000 f slo | ||
| 015 | _aSNBA2015/08 | ||
| 020 |
_a9788055613499 _q(viaz.) |
||
| 035 | _aAA748F73-73D6-43C5-B071-3A8788A4E644 | ||
| 035 | _aurn:nbn:sk:snk-amkwvh | ||
| 035 | _aurn:nbn:sk:snk-am0082pa | ||
| 039 | 9 |
_a202403181526 _bVLOAD _c201606101402 _dVLOAD _c201604300446 _dVLOAD _c201604292231 _dVLOAD |
|
| 040 |
_aPOKPOH _bslo _cPOKPOH _dSNK _eAACR2 |
||
| 041 | 0 | _aslo | |
| 044 |
_axo _cSK |
||
| 072 | 7 |
_a821.162.4-3 _xSlovenská próza _2konspekt |
|
| 072 | 7 |
_a821-93 _xLiteratúra pre deti a mládež (beletria) _2konspekt |
|
| 080 |
_a398.41 _22001 |
||
| 080 |
_a821-93 _22001 |
||
| 080 |
_a821.162.4-34 _22001 |
||
| 100 | 1 |
_aFutová, Gabriela, _d1971- _4aut |
|
| 245 | 1 | 0 |
_aNototo a strašidelná škola Elvíry Múdrej _cGabriela Futová ; ilustrovala Marcela Kupčíková |
| 250 | _a1. vyd. | ||
| 260 |
_aBratislava _bSlovart _c2015 |
||
| 300 |
_a134 s. _bfareb. ilustr. _c24 cm |
||
| 521 | 1 | _aPre deti od 6 + | |
| 650 | 0 | 7 |
_atrpaslíci a škriatkovia _2SNKPH |
| 650 | 0 | 7 |
_aGnomes and goblins Elfs _2SNKPHeng |
| 655 | 7 |
_aslovenské rozprávky _2SNKPH |
|
| 655 | 7 |
_aSlovak fairy tales _2SNKPHeng |
|
| 655 | 7 |
_aChildren's literature _2SNKPHeng |
|
| 655 | 7 |
_apublikácie pre deti _2SNKPH |
|
| 700 | 1 |
_aKupčíková, Marcela, _d1979- _4ill |
|
| 711 | 2 |
_aNajkrajšie a najlepšie detské knihy jari, leta, jesene a zimy na Slovensku _n(26 : _d2015 : _cBratislava, Slovensko). _eNajkrajšia detská kniha jari 2015 |
|
| 910 | _apokpoh | ||
| 910 | _avthk | ||
| 910 | _attkjf | ||
| 910 | _apppk | ||
| 910 | _asvkbb | ||
| 910 | _asllk | ||
| 910 | _askpk | ||
| 910 | _asnk | ||
| 910 | _ahevk | ||
| 910 | _abjkdg | ||
| 910 | _atotk | ||
| 910 | _abin | ||
| 942 |
_2ddc _cKLDE _n0 |
||
| 949 |
_6270001000505999 _asvkbbB 53801 _bsvkbbm 755041 |
||
| 949 |
_617A1168336 _asnkSC 165509 _bsnk2015/21766 _o1501/15 _s6100:20140925 |
||
| 949 |
_617A1168337 _asnkSC 165509 D1 _bsnk2015/21767 _o1501/15 |
||
| 949 |
_62889304672 _asavukPV 21120 _bsavuk2015/3165 |
||
| 949 |
_60174028976 _alesknPRINT _blesknBD2015/22164 |
||
| 949 |
_63870A23982 _abinIL 1275 _bbin23982 |
||
| 949 |
_63870A23941 _abinNDK 2015/03 _bbin23941 |
||
| 949 |
_6273K0588371 _asvkpoB 97906 _bsvkpo599475 |
||
| 999 |
_c21503 _d21503 |
||